Introduction to the theory of statistics (Record no. 85735)

MARC details
000 -LEADER
fixed length control field 00401nam a2200157Ia 4500
008 - FIXED-LENGTH DATA ELEMENTS--GENERAL INFORMATION
fixed length control field 230917s9999||||xx |||||||||||||| ||und||
040 ## - CATALOGING SOURCE
-- 134464
Original cataloging agency VIVEKANANDA LIBRARY
041 ## - Language
-- English
082 ## - DDC NUMBER
Classification number 519.5 Y91S
100 ## - MAIN ENTRY--PERSONAL NAME
Personal name Yule, G Udny
245 #0 - TITLE STATEMENT
Title Introduction to the theory of statistics
250 ## - EDITION STATEMENT
Edition statement 14th ed.
260 ## - PUBLICATION, DISTRIBUTION, ETC. (IMPRINT)
Place of publication, distribution, etc New Delhi
Name of publisher, distributor, etc Universal Book Stall
Date of publication, distribution, etc 1991
300 ## - PHYSICAL DESCRIPTION
Pages xxiv, 701 p.
942 ## - ADDED ENTRY ELEMENTS (KOHA)
Koha item type Books
Holdings
Withdrawn status Lost status Damaged status Not for loan Location (home branch) Sublocation or collection (holding branch) Date acquired Koha issues (times borrowed) Koha full call number Accession No. Koha date last seen Koha item type
        VIVEKANANDA LIBRARY VIVEKANANDA LIBRARY 10/02/2010   519.5 Y91S 164426 17/09/2023 Books
        VIVEKANANDA LIBRARY VIVEKANANDA LIBRARY 10/02/2010   519.5 Y91S 176150 17/09/2023 Books
© Designed and Maintained by Vivekananda Library, MDU Rohtak